Statistics for Top 10 most dangerous countries

Click here to take the quiz!

General Stats

  • This quiz has been taken 88 times
    (73 since last reset)
  • The average score is 5 of 10

Answer Stats

HintAnswer% Correct
Iraq
87%
Afghanistan
76%
Russia
68%
Somalia
58%
Colombia
53%
Sudan
48%
Brazil
45%
South Africa
39%
AntarcticaAntarctica
24%
Burundi
3%

Score Distribution

Percentile by Number Answered

Percent of People with Each Score

Your Score History

You have not taken this quiz since the last reset